LEADER 00595nab a2200145 i 4500 001 000000270322 003 CaOOAMICUS 005 20090126000000.0 008 090126n xx uu u0 0und r 013 $a16716 040 $aSeMil$bita 245 10$a[SENZA TITOLO]. - [30] c. - In copertina :$bServizi disponibili on line, www.agensir.it. 500 $a23 gennaio 2009 (N. 1710). 773 0 $t[2009.$dRoma : Società per l'Informazione Religiosa (SIR), stampa 2009.$w()176990 996 $6245$a[SENZA TITOLO]. - [30] c. - In copertina :$bServizi disponibili on line, www.agensir.it.$9(OLS)http://semarc/title/358568 LEADER 00581naa a2200133 i 4500 001 000000329568 003 CaOOAMICUS 005 20180831173622.0 008 180831n it u000 u ita u 013 $a41237 040 $aSeMil$bita 245 12$aI processi di trasformazione dei sistemi di welfare in Europa: verso quali prospettive. 773 0 $tWelfare responsabile.$dMilano : Vita e Pensiero, 2017.$kRicerche. Sociologia$z978-88-343-3325-9$gp.75-116$w()98957 996 $6245$aI processi di trasformazione dei sistemi di welfare in Europa: verso quali prospettive$9(OLS)http://semarc/title/418049